| 000 | 01097nmm a2200301 a 4500 | ||
|---|---|---|---|
| 001 | ocm000964960 | ||
| 003 | TR-IsHL | ||
| 005 | 20201028150749.0 | ||
| 008 | 150110s2010 tu tur | ||
| 007 | cr cn | ||
| 020 | _a9786054156450 | ||
| 035 |
_a964960 _b(N$T) |
||
| 050 | 0 | 4 |
_aDR738.5.K34 _bS49 2010 |
| 090 | 0 | 4 |
_aDR738.5.K34 _bS49 2010 |
| 100 | 1 | _aSezer, Sennur | |
| 245 | 1 | 0 |
_aGidelim Kağıthane'ye: inceleme _h[electronic resource] / _cSennur Sezer ; Adnan Özyalçıner |
| 260 |
_aİstanbul : _bEvrensel Basım Yayın, _c2010 |
||
| 300 | _a97 p. | ||
| 650 | 4 | _aTarih | |
| 650 | 4 | _aHistory | |
| 650 | 0 |
_aKağıthane (Istanbul, Turkey) _x Social Life and Customs |
|
| 650 | 0 |
_aKağıthane (İstanbul, Türkiye) _x Tarihi |
|
| 650 | 0 |
_aKağıthane (İstanbul, Türkiye) _x Sosyal Yaşam ve Gelenekler |
|
| 650 | 0 |
_aKağıthane (Istanbul, Turkey) _x History |
|
| 650 | 7 |
_aHISTORY / Middle East / Turkey & Ottoman Empire _2bisacsh |
|
| 700 | 1 | _aÖzyalçıner, Adnan | |
| 856 | 4 | 0 | _uhttp://search.ebscohost.com/login.aspx?direct=true&scope=site&db=e011xww&AN=964960 |
| 999 |
_c10649 _d10649 |
||